Teorie statistiky pro obor ekonomika průmyslu

Guardado en:
Detalles Bibliográficos
Autor principal: Seger, Jan
Autor Corporativo: Vysoká škola ekonomická v Praze. Národohospodářská fakulta
Formato: Libro
Lenguaje:checo
Publicado: Praha Státní pedagogické nakladatelství 1988
Edición:2. přeprac. vyd.
Etiquetas: Agregar Etiqueta
Sin Etiquetas, Sea el primero en etiquetar este registro!

MARC

LEADER 00000nam a2200000 4500
001 c038860
005 20221219085844.6
041 0 |a cze 
044 |a CZ 
245 1 0 |a Teorie statistiky pro obor ekonomika průmyslu  |c Jan Seger 
250 |a 2. přeprac. vyd. 
264 1 |a Praha  |b Státní pedagogické nakladatelství  |c 1988 
300 |a 305 s. 
100 1 |a Seger, Jan 
710 2 |a Vysoká škola ekonomická v Praze. Národohospodářská fakulta